000 01190nam a22002657a 4500
003 OSt
005 20250611160712.0
008 230919t2001 ck a cr 000 j spa d
020 _a9789584533135
037 _3Donación
040 _cCO-JMCR
_aCO-JMCR
_dCO-JMCR
_erda
_bspa
041 0 _aspa
082 0 4 _aJ-N
_bMALm
100 1 0 _aMalpica, Toño,
_eautor
_942921
_d1967-
_qMalpica Maury, Antonio,
245 1 0 _aMargot :
_bLa pequeña, pequeña historia de una casa en Alfa Centauri /
_cToño Malpica
260 _aBogotá :
_bGrupo editorial Norma ,
_c©2011
300 _a180 páginas ;
_c20 cm.
490 _aTorre de papel
520 3 _aMargot tiene un muñeco favorito, le encanta ver películas y comer palomitas de maíz, y debe avisarle a su padre Alfredo cada vez que sale. Pero también tiene que hacer cosas que a muchas niñas de su edad no sulen hacer y, como si fuera poco, ahora debe cumplir ciertas misiones de importancia insospechada para la humanidad
650 1 4 _2JMCR
_aNovela infantil
_91227
650 2 4 _2JMCR
_aLiteratura infantil
650 3 4 _2JMCR
_aLiteratura latinoamericana
_910440
700 _aUribe, Luisa,
_eIlustradora
_943556
942 _2ddc
_cBK
999 _c30261
_d16645